The brothers karamazov : (Record no. 16723)
[ view plain ]
| 000 -LEADER | |
|---|---|
| fixed length control field | 01678cam a2200385 a 4500 |
| 001 - CONTROL NUMBER | |
| control field | 12685506 |
| 003 - CONTROL NUMBER IDENTIFIER | |
| control field | EG-ScBUE |
| 005 - DATE AND TIME OF LATEST TRANSACTION | |
| control field | 20220811094605.0 |
| 008 - FIXED-LENGTH DATA ELEMENTS--GENERAL INFORMATION | |
| fixed length control field | 020219s2002 nyu f 000 1 eng d |
| 020 ## - INTERNATIONAL STANDARD BOOK NUMBER | |
| International Standard Book Number | 0374528373 (pb : alk. paper) |
| 020 ## - INTERNATIONAL STANDARD BOOK NUMBER | |
| International Standard Book Number | 9780374528379 |
| 040 ## - CATALOGING SOURCE | |
| Original cataloging agency | DLC |
| Language of cataloging | eng |
| Description conventions | rda |
| Transcribing agency | DLC |
| Modifying agency | DLC |
| -- | EG-ScBUE |
| 041 1# - LANGUAGE CODE | |
| Language code of text/sound track or separate title | eng |
| Language code of original and/or intermediate translations of text | rus |
| 082 04 - DEWEY DECIMAL CLASSIFICATION NUMBER | |
| Classification number | 891.733 |
| Edition number | 22 |
| Item number | DOS |
| 100 1# - MAIN ENTRY--PERSONAL NAME | |
| Personal name | Dostoyevsky, Fyodor, |
| Dates associated with a name | 1821-1881, |
| Relator term | author. |
| 9 (RLIN) | 29888 |
| 245 14 - TITLE STATEMENT | |
| Title | The brothers karamazov : |
| Remainder of title | a novel in four parts with epilogue / |
| Statement of responsibility, etc | Fyodor Dostoevsky ; translated and annotated by Richard Pevear and Larissa Volokhonsky . |
| 264 #1 - PUBLICATION, DISTRIBUTION, ETC. (IMPRINT) | |
| Place of publication, distribution, etc | New York : |
| Name of publisher, distributor, etc | Farrar, Straus and Giroux, |
| Date of publication, distribution, etc | 2002. |
| 300 ## - PHYSICAL DESCRIPTION | |
| Extent | xx, 796 pages ; |
| Dimensions | 21 cm |
| 336 ## - CONTENT TYPE | |
| Source | rdacontent |
| Content type term | text |
| Content type code | txt |
| 337 ## - MEDIA TYPE | |
| Source | rdamedia |
| Media type term | unmediated |
| Media type code | n |
| 338 ## - CARRIER TYPE | |
| Source | rdacarrier |
| Carrier type term | volume |
| Carrier type code | nc |
| 546 ## - LANGUAGE NOTE | |
| Language note | Text in English ; translated from the original Russian.<br/> |
| 650 #7 - SUBJECT ADDED ENTRY--TOPICAL TERM | |
| 9 (RLIN) | 29885 |
| Topical term or geographic name as entry element | Fathers and sons |
| Form subdivision | Fiction. |
| Source of heading or term | BUEsh |
| 650 #7 - SUBJECT ADDED ENTRY--TOPICAL TERM | |
| 9 (RLIN) | 29886 |
| Topical term or geographic name as entry element | Brothers |
| Form subdivision | Fiction. |
| Source of heading or term | BUEsh |
| 651 #7 - SUBJECT ADDED ENTRY--GEOGRAPHIC NAME | |
| 9 (RLIN) | 29887 |
| Geographic name | Russia |
| General subdivision | Social life and customs |
| Chronological subdivision | 19th century |
| Form subdivision | Fiction. |
| Source of heading or term | BUEsh |
| 653 ## - INDEX TERM--UNCONTROLLED | |
| Arrived date list | May2012 |
| Resource For college | Generalities |
| 655 ## - INDEX TERM--GENRE/FORM | |
| Form subdivision | Reading book |
| 9 (RLIN) | 34232 |
| 700 1# - ADDED ENTRY--PERSONAL NAME | |
| Personal name | Pevear, Richard, |
| Dates associated with a name | 1943- |
| Relator term | translator. |
| 9 (RLIN) | 29889 |
| 700 1# - ADDED ENTRY--PERSONAL NAME | |
| Personal name | Volokhonsky, Larissa, |
| Relator term | translator. |
| 9 (RLIN) | 29890 |
| 856 42 - ELECTRONIC LOCATION AND ACCESS | |
| Materials specified | Contributor biographical information |
| Uniform Resource Identifier | <a href="http://www.loc.gov/catdir/bios/hol051/2002022757.html">http://www.loc.gov/catdir/bios/hol051/2002022757.html</a> |
| 856 42 - ELECTRONIC LOCATION AND ACCESS | |
| Materials specified | Publisher description |
| Uniform Resource Identifier | <a href="http://www.loc.gov/catdir/description/hol021/2002022757.html">http://www.loc.gov/catdir/description/hol021/2002022757.html</a> |
| 906 ## - LOCAL DATA ELEMENT F, LDF (RLIN) | |
| a | 7 |
| b | cbc |
| c | orignew |
| d | 1 |
| e | ocip |
| f | 20 |
| g | y-gencatlg |
| 942 ## - ADDED ENTRY ELEMENTS (KOHA) | |
| Source of classification or shelving scheme | Dewey Decimal Classification |
| Koha item type | Book - Borrowing |
| Withdrawn status | Lost status | Source of classification or shelving scheme | Damaged status | Not for loan | Collection code | Home library | Current library | Shelving location | Date acquired | Cost, normal purchase price | Serial Enumeration / chronology | Total Checkouts | Total Renewals | Full call number | Barcode | Date last seen | Date checked out | Price effective from | Koha item type | Public note |
|---|---|---|---|---|---|---|---|---|---|---|---|---|---|---|---|---|---|---|---|---|
| Dewey Decimal Classification | Baccah | Central Library | Central Library | Group Study Rooms | 08/05/2012 | 109.00 | 15016 | 8 | 74 | 891.733 DOS | 000026759 | 15/07/2025 | 06/12/2020 | 08/05/2012 | Book - Borrowing | Room (L) - Fyodor Dostoevsky |